[Event "Perm Rating October"]
[Site "Perm"]
[Date "2010.10.12"]
[Round "7"]
[White "Pershina, Elena"]
[Black "Vshivtsev, Valery"]
[Result "1-0"]
[WhiteElo "2030"]
[BlackElo "1955"]
[PlyCount "65"]
[EventDate "2010.10.04"]
[EventType "swiss"]
[EventRounds "8"]
[EventCountry "RUS"]
[SourceTitle "EXT 2022"]
[Source "ChessBase"]
[SourceDate "2021.10.06"]
[SourceVersion "1"]
[SourceVersionDate "2021.10.06"]
[SourceQuality "1"]

1. c4 Nf6 2. Nc3 e6 3. e4 d6 4. d4 Be7 5. Nf3 0-0 6. Bd3 b6 7. 0-0 Bb7 8. Qe2 Nbd7 9. Re1 e5 10. d5 Re8 11. h3 Nc5 12. Bc2 a5 13. a3 Rf8 14. Bd2 Bc8 15. Na4 Na6 16. b4 axb4 17. axb4 Bd7 18. b5 Nc5 19. Nxc5 bxc5 20. Qf1 h6 21. Re3 Qc8 22. Rea3 Rxa3 23. Rxa3 Nh5 24. Ra7 Be8 25. Qa1 g5 26. Kh2 Ng7 27. Ra8 Qd7 28. Qa7 Bd8 29. Qb8 Be7 30. Ra7 Bd8 31. b6 f5 32. bxc7 Bh5 33. c8Q 1-0

[Event "Perm Rating October"]
[Site "Perm"]
[Date "2010.10.06"]
[Round "3"]
[White "Goldshtein, Grigory"]
[Black "Vshivtsev, Valery"]
[Result "1-0"]
[WhiteElo "2070"]
[BlackElo "1955"]
[PlyCount "53"]
[EventDate "2010.10.04"]
[EventType "swiss"]
[EventRounds "8"]
[EventCountry "RUS"]
[SourceTitle "EXT 2022"]
[Source "ChessBase"]
[SourceDate "2021.10.06"]
[SourceVersion "1"]
[SourceVersionDate "2021.10.06"]
[SourceQuality "1"]

1. c4 Nf6 2. Nc3 e6 3. d4 Bb4 4. Qc2 c5 5. e3 Na6 6. Nf3 cxd4 7. exd4 h6 8. Bd3 0-0 9. 0-0 Bxc3 10. bxc3 b6 11. Ba3 d6 12. Rad1 Qc7 13. d5 exd5 14. cxd5 Re8 15. Nd4 Bd7 16. c4 Nc5 17. Rc1 Ng4 18. Nf3 Rac8 19. h3 Nf6 20. Bb2 Nh5 21. Qc3 Nf6 22. Qd4 Na6 23. Qh4 Qd8 24. Rfe1 Rxe1+ 25. Rxe1 Nb4 26. Bb1 Qc7 27. Bxf6 1-0

[Event "Perm Rating September"]
[Site "Perm"]
[Date "2010.09.24"]
[Round "5"]
[White "Vshivtsev, Valery"]
[Black "Terekhin, Anatoly"]
[Result "0-1"]
[WhiteElo "1955"]
[BlackElo "2286"]
[PlyCount "70"]
[EventDate "2010.09.20"]
[EventType "swiss"]
[EventRounds "7"]
[EventCountry "RUS"]
[SourceTitle "EXT 2022"]
[Source "ChessBase"]
[SourceDate "2021.10.06"]
[SourceVersion "1"]
[SourceVersionDate "2021.10.06"]
[SourceQuality "1"]

1. e4 d5 2. exd5 Nf6 3. c4 c6 4. dxc6 Nxc6 5. Nc3 e5 6. d3 Bf5 7. Nf3 Bb4 8. Be2 e4 9. dxe4 Qxd1+ 10. Bxd1 Nxe4 11. a3 Nxc3 12. axb4 Nxd1 13. Kxd1 0-0-0+ 14. Bd2 Nxb4 15. Rxa7 Kb8 16. Ra5 Be4 17. Re1 Nd3 18. Re2 Bxf3 19. gxf3 Nxb2+ 20. Kc2 Rxd2+ 21. Rxd2 Nxc4 22. Rf5 Nxd2 23. Kxd2 Rd8+ 24. Kc2 Rd7 25. h4 Kc7 26. h5 h6 27. Kc3 Kd6 28. Kc4 Ke6 29. Rb5 Kd6 30. f4 Kc6 31. Re5 Rd2 32. Re7 b5+ 33. Kc3 Rd7 34. Re5 Rd5 35. Re7 Rf5 0-1

[Event "Perm op 06"]
[Site "Perm"]
[Date "2010.06.29"]
[Round "8"]
[White "Zhulanov, Viktor"]
[Black "Vshivtsev, Valery"]
[Result "1-0"]
[WhiteElo "2037"]
[BlackElo "1965"]
[PlyCount "89"]
[EventDate "2010.06.21"]
[EventType "swiss"]
[EventRounds "9"]
[EventCountry "RUS"]
[SourceTitle "CBM 137 Extra"]
[Source "ChessBase"]
[SourceDate "2010.09.01"]
[SourceVersion "1"]
[SourceVersionDate "2010.09.01"]
[SourceQuality "1"]

1. d4 d5 2. c4 e5 3. dxe5 d4 4. a3 Nc6 5. Nf3 Bg4 6. Nbd2 Qd7 7. b4 a6 8. Bb2 0-0-0 9. b5 axb5 10. cxb5 Na7 11. a4 Bxf3 12. Nxf3 Bb4+ 13. Nd2 c5 14. Qb3 Ne7 15. Rc1 Kb8 16. Ba3 Bxd2+ 17. Kxd2 b6 18. g3 Qf5 19. Qf3 Qxe5 20. Bg2 Nd5 21. Rhd1 Rhe8 22. Ke1 f5 23. Kf1 g5 24. h3 h5 25. Qxh5 g4 26. hxg4 Qxe2+ 27. Kg1 Qxg4 28. Qh6 Nc8 29. Re1 Qg8 30. a5 Rd6 31. Qh5 Rxe1+ 32. Rxe1 Re6 33. Rxe6 Qxe6 34. Qf3 Nce7 35. axb6 Qxb6 36. Qb3 Qd6 37. Qc4 Qe5 38. Bxc5 Qe1+ 39. Bf1 f4 40. Bd6+ Kb7 41. Qxd4 fxg3 42. Bxg3 Nc3 43. Qe5 Qxe5 44. Bxe5 Ncd5 45. Bd4 1-0

[Event "Perm op 06"]
[Site "Perm"]
[Date "2010.06.21"]
[Round "1"]
[White "Vshivtsev, Valery"]
[Black "Terenin, Leonid"]
[Result "1/2-1/2"]
[WhiteElo "2306"]
[BlackElo "2263"]
[PlyCount "25"]
[EventDate "2010.06.21"]
[EventType "swiss"]
[EventRounds "9"]
[EventCountry "RUS"]
[SourceTitle "CBM 137 Extra"]
[Source "ChessBase"]
[SourceDate "2010.09.01"]
[SourceVersion "1"]
[SourceVersionDate "2010.09.01"]
[SourceQuality "1"]

1. d4 e6 2. c4 d5 3. Nc3 c5 4. cxd5 cxd4 5. Qxd4 Nc6 6. Qd1 exd5 7. e3 Nf6 8. Nf3 Bb4 9. Bd2 0-0 10. Be2 Qe7 11. 0-0 a6 12. Rc1 Rd8 13. Nd4 1/2-1/2

[Event "Perm op 04"]
[Site "Perm"]
[Date "2010.04.29"]
[Round "8"]
[White "Goldshtein, Grigory"]
[Black "Vshivtsev, Valery"]
[Result "1-0"]
[WhiteElo "2114"]
[BlackElo "1949"]
[PlyCount "97"]
[EventDate "2010.04.22"]
[EventType "swiss"]
[EventRounds "9"]
[EventCountry "RUS"]
[SourceTitle "EXT 2012"]
[Source "ChessBase"]
[SourceDate "2011.11.24"]
[SourceVersion "1"]
[SourceVersionDate "2011.11.24"]
[SourceQuality "1"]

1. Nf3 e6 2. d4 f5 3. g3 d5 4. Bg2 Bd6 5. 0-0 Nd7 6. c4 c6 7. b3 Qf6 8. Ba3 Bb8 9. Nc3 g5 10. Rc1 Ne7 11. Bxe7 Kxe7 12. e3 Bd6 13. Ne1 Kf8 14. f4 gxf4 15. exf4 Kg7 16. Nf3 Nf8 17. Re1 Bd7 18. Ne5 Rd8 19. Na4 Be8 20. cxd5 exd5 21. Nc5 Rb8 22. Qd2 a6 23. Qe3 Rg8 24. Bh3 b6 25. Ncd3 Rc8 26. Nf2 Ba3 27. Rc2 Bg6 28. Qd3 b5 29. Qd2 Qd6 30. Nfd3 Ne6 31. Qe3 Rge8 32. Nc5 Bb4 33. Ree2 Nxc5 34. dxc5 Qf6 35. Qd4 a5 36. Re3 Rc7 37. Kh1 Rce7 38. Bg2 Re6 39. Bf3 Kg8 40. Kg2 R8e7 41. Qb2 Be8 42. Ree2 d4 43. Qxd4 Rd7 44. Qb2 Rxe5 45. Rxe5 Bf7 46. a3 a4 47. bxa4 Ba5 48. axb5 cxb5 49. c6 1-0

[Event "Perm op 04"]
[Site "Perm"]
[Date "2010.04.28"]
[Round "7"]
[White "Voronov, Vitaly N"]
[Black "Vshivtsev, Valery"]
[Result "0-1"]
[WhiteElo "1809"]
[BlackElo "1949"]
[PlyCount "40"]
[EventDate "2010.04.22"]
[EventType "swiss"]
[EventRounds "9"]
[EventCountry "RUS"]
[SourceTitle "EXT 2012"]
[Source "ChessBase"]
[SourceDate "2011.11.24"]
[SourceVersion "1"]
[SourceVersionDate "2011.11.24"]
[SourceQuality "1"]

1. e4 e5 2. Nf3 Nc6 3. Bb5 f5 4. d3 Nf6 5. 0-0 d6 6. Nc3 Be7 7. d4 Nxe4 8. dxe5 Bd7 9. exd6 Nxd6 10. Bxc6 Bxc6 11. Ne5 0-0 12. Nxc6 bxc6 13. Qf3 Qd7 14. b3 Bf6 15. Bb2 c5 16. Rad1 Bxc3 17. Bxc3 c4 18. Qd5+ Qf7 19. Qxf7+ Rxf7 20. Rd2 Ne4 0-1

[Event "Perm op 04"]
[Site "Perm"]
[Date "2010.04.27"]
[Round "6"]
[White "Vshivtsev, Valery"]
[Black "Ardovsky, Philip"]
[Result "0-1"]
[WhiteElo "1949"]
[BlackElo "2014"]
[PlyCount "154"]
[EventDate "2010.04.22"]
[EventType "swiss"]
[EventRounds "9"]
[EventCountry "RUS"]
[SourceTitle "EXT 2012"]
[Source "ChessBase"]
[SourceDate "2011.11.24"]
[SourceVersion "1"]
[SourceVersionDate "2011.11.24"]
[SourceQuality "1"]

1. d4 d5 2. c4 c6 3. Nf3 Nf6 4. Nc3 a6 5. a4 e6 6. Bg5 Bb4 7. Bxf6 Qxf6 8. e3 Nd7 9. Qb3 a5 10. Bd3 0-0 11. 0-0 dxc4 12. Bxc4 e5 13. Ne4 Qe7 14. Qc2 h6 15. Ng3 exd4 16. Nf5 Qf6 17. N5xd4 Ne5 18. Nxe5 Qxe5 19. Qb3 Bd7 20. f4 Qf6 21. Rad1 Bg4 22. Rd3 Rae8 23. h3 Bc8 24. Nc2 Bc5 25. Nd4 Rxe3 26. Rxe3 Bxd4 27. Rf2 Rd8 28. Kh2 Bxe3 29. Qxe3 Qd4 30. Qe2 Kf8 31. g3 Bf5 32. g4 Be4 33. Kg3 Bd3 34. Bxd3 Qxd3+ 35. Qf3 Qxf3+ 36. Rxf3 Ke7 37. f5 Rd4 38. b3 Kf6 39. h4 Ke5 40. Re3+ Re4 41. Rd3 Rd4 42. Re3+ Kd6 43. g5 hxg5 44. hxg5 Rd1 45. Kg4 Rg1+ 46. Kf4 Rf1+ 47. Kg4 Kd7 48. Rd3+ Ke7 49. Re3+ Kf8 50. Rh3 Rb1 51. f6 gxf6 52. gxf6 Kg8 53. Kf5 Rd1 54. Rg3+ Kf8 55. Rh3 Rd5+ 56. Kf4 Ke8 57. Re3+ Kd8 58. Re7 Rd7 59. Re5 b6 60. Rh5 Kc7 61. Rh8 Rd8 62. Rh7 Rf8 63. Kg5 Kd6 64. Kh6 Ke6 65. Kg7 Rc8 66. Rh1 Rc7 67. Re1+ Kd6 68. Re8 b5 69. axb5 cxb5 70. Rb8 Kc5 71. Re8 Kb4 72. Re7 Rc5 73. Kxf7 Kxb3 74. Ke6 Rc1 75. Rb7 b4 76. Rb5 Rc6+ 77. Ke7 Rc7+ 0-1

[Event "Perm op 04"]
[Site "Perm"]
[Date "2010.04.26"]
[Round "5"]
[White "Zhulanov, Viktor"]
[Black "Vshivtsev, Valery"]
[Result "1-0"]
[WhiteElo "2238"]
[BlackElo "1949"]
[PlyCount "77"]
[EventDate "2010.04.22"]
[EventType "swiss"]
[EventRounds "9"]
[EventCountry "RUS"]
[SourceTitle "EXT 2012"]
[Source "ChessBase"]
[SourceDate "2011.11.24"]
[SourceVersion "1"]
[SourceVersionDate "2011.11.24"]
[SourceQuality "1"]

1. d4 e6 2. e4 c5 3. c3 h5 4. Nf3 Nh6 5. h3 Be7 6. Be3 Qb6 7. Qd2 d5 8. dxc5 Bxc5 9. Bxc5 Qxc5 10. b4 Qe7 11. exd5 exd5+ 12. Be2 Be6 13. 0-0 Nd7 14. Na3 0-0-0 15. Nb5 a6 16. Nbd4 Nf5 17. b5 axb5 18. Bxb5 Nc5 19. Rfc1 Qf6 20. Qb2 Rh6 21. Qa3 Ne4 22. Qa7 Nfd6 23. c4 dxc4 24. Rab1 Nxb5 25. Nxb5 Qf4 26. Rd1 Rd5 27. Qa3 Kd7 28. Qa7 Rxd1+ 29. Rxd1+ Ke7 30. Qxb7+ Kf6 31. Qb6 Kg6 32. Qd4 Kh7 33. Qxe4+ Qxe4 34. Ng5+ Kg6 35. Nxe4 f5 36. Rd6 fxe4 37. Rxe6+ Kf5 38. Rxh6 gxh6 39. Nd6+ 1-0

[Event "Perm op 02"]
[Site "Perm"]
[Date "2010.03.03"]
[Round "4"]
[White "Legostaev, Alexander"]
[Black "Vshivtsev, Valery"]
[Result "1-0"]
[WhiteElo "2182"]
[BlackElo "1630"]
[PlyCount "65"]
[EventDate "2010.02.27"]
[EventType "swiss"]
[EventRounds "9"]
[EventCountry "RUS"]
[SourceTitle "EXT 2011"]
[Source "ChessBase"]
[SourceDate "2010.11.26"]
[SourceVersion "1"]
[SourceVersionDate "2010.11.26"]
[SourceQuality "1"]

1. e4 c6 2. d4 d5 3. e5 Bf5 4. g4 Be4 5. f3 Bg6 6. Ne2 e6 7. Ng3 h5 8. Bd3 Bxd3 9. Qxd3 h4 10. Ne2 Nd7 11. h3 c5 12. c3 Qb6 13. f4 g6 14. Nd2 Ne7 15. Nf3 Nc6 16. 0-0 cxd4 17. cxd4 0-0-0 18. Ng5 Re8 19. Nxf7 Rg8 20. Ng5 Ndxe5 21. fxe5 Nxe5 22. Qc3+ Kd7 23. b3 Be7 24. Qe3 Bxg5 25. Qxe5 Be7 26. Rf7 Rgf8 27. Rxe7+ Rxe7 28. Ba3 Ref7 29. Bxf8 Rxf8 30. Qg7+ Ke8 31. Qxg6+ Ke7 32. Qh7+ Kd6 33. Qxh4 1-0

[Event "Perm op 02"]
[Site "Perm"]
[Date "2010.02.27"]
[Round "1"]
[White "Vshivtsev, Valery"]
[Black "Borovik, Artem V"]
[Result "1-0"]
[WhiteElo "1630"]
[BlackElo "2028"]
[PlyCount "27"]
[EventDate "2010.02.27"]
[EventType "swiss"]
[EventRounds "9"]
[EventCountry "RUS"]
[SourceTitle "EXT 2011"]
[Source "ChessBase"]
[SourceDate "2010.11.26"]
[SourceVersion "1"]
[SourceVersionDate "2010.11.26"]
[SourceQuality "1"]

1. e4 e5 2. Nf3 Nc6 3. Bc4 Bc5 4. c3 Nf6 5. 0-0 Nxe4 6. d4 exd4 7. cxd4 Be7 8. Re1 f5 9. Nc3 Nxc3 10. bxc3 d5 11. Bg5 dxc4 12. Ne5 0-0 13. Nxc6 bxc6 14. Bxe7 1-0

[Event "Perm op-A 01"]
[Site "Perm"]
[Date "2010.01.06"]
[Round "4"]
[White "Drozdov, Alexander"]
[Black "Vshivtsev, Valery"]
[Result "0-1"]
[WhiteElo "1748"]
[BlackElo "1753"]
[PlyCount "64"]
[EventDate "2010.01.04"]
[EventType "swiss"]
[EventRounds "9"]
[EventCountry "RUS"]
[SourceTitle "EXT 2012"]
[Source "ChessBase"]
[SourceDate "2011.11.24"]
[SourceVersion "1"]
[SourceVersionDate "2011.11.24"]
[SourceQuality "1"]

1. d4 Nf6 2. c4 e6 3. Nc3 Bb4 4. e3 0-0 5. a3 Bxc3+ 6. bxc3 b6 7. Nf3 Bb7 8. Be2 Ne4 9. Qc2 f5 10. 0-0 Ng5 11. Nxg5 Qxg5 12. f3 d6 13. Bd3 Kh8 14. d5 e5 15. e4 f4 16. g3 Bc8 17. Kf2 Qh5 18. Ke1 fxg3 19. hxg3 Rxf3 20. Be2 Rxf1+ 21. Bxf1 Qf3 22. Qd3 Qxd3 23. Bxd3 h6 24. Ra2 Nd7 25. Rf2 Kg8 26. Bc2 Ba6 27. Bd3 Nc5 28. Ke2 Nxd3 29. Kxd3 Rf8 30. Be3 Rxf2 31. Bxf2 Kf7 32. Ke3 Bxc4 0-1

[Event "Perm op 07"]
[Site "Perm"]
[Date "2009.07.21"]
[Round "1"]
[White "Goldshtein, Grigory"]
[Black "Vshivtsev, Valery"]
[Result "1-0"]
[WhiteElo "2264"]
[BlackElo "2033"]
[PlyCount "79"]
[EventDate "2009.07.21"]
[EventType "swiss"]
[EventRounds "9"]
[EventCountry "RUS"]
[SourceTitle "EXT 2012"]
[Source "ChessBase"]
[SourceDate "2011.11.24"]
[SourceVersion "1"]
[SourceVersionDate "2011.11.24"]
[SourceQuality "1"]

1. e4 e6 2. d3 d5 3. Nd2 c5 4. Ngf3 g6 5. Be2 Bg7 6. 0-0 Nf6 7. c3 0-0 8. Qc2 Nc6 9. Re1 b6 10. Nf1 Qc7 11. Ng3 Bb7 12. Nh4 Rac8 13. f4 Ne7 14. Bf3 Rfd8 15. f5 exf5 16. exf5 d4 17. fxg6 hxg6 18. c4 Bxf3 19. gxf3 Re8 20. Bg5 Nc6 21. Qd2 Qd7 22. Qg2 Ne5 23. Rad1 Nh7 24. Bf4 g5 25. Nh5 f6 26. Rxe5 fxe5 27. Bxg5 Rc6 28. Kh1 Nxg5 29. Qxg5 Qe7 30. Rg1 Qxg5 31. Rxg5 Re7 32. Nf5 Rcc7 33. Kg2 Kh8 34. Nhxg7 Rxg7 35. Nxg7 Rxg7 36. Rxg7 Kxg7 37. Kg3 Kf6 38. Kg4 Kg6 39. h4 a6 40. a4 1-0

[Event "Perm op 04"]
[Site "Perm"]
[Date "2009.04.27"]
[Round "6"]
[White "Meljnikov, Konstantin"]
[Black "Vshivtsev, Valery"]
[Result "0-1"]
[WhiteElo "2037"]
[BlackElo "2094"]
[PlyCount "99"]
[EventDate "2009.04.20"]
[EventType "swiss"]
[EventRounds "8"]
[EventCountry "RUS"]
[SourceTitle "EXT 2022"]
[Source "ChessBase"]
[SourceDate "2021.10.06"]
[SourceVersion "1"]
[SourceVersionDate "2021.10.06"]
[SourceQuality "1"]

1. e4 g6 2. d4 d6 3. Nc3 Bg7 4. Be3 Nc6 5. Qd2 e5 6. d5 Nce7 7. 0-0-0 f5 8. f3 a6 9. Kb1 b5 10. exf5 Nxf5 11. Bg5 Nf6 12. Ne4 0-0 13. Bd3 Qe8 14. Nxf6+ Bxf6 15. Bxf6 Rxf6 16. Be4 Bd7 17. Ne2 a5 18. h4 Ng7 19. g4 h5 20. Qg5 Qf7 21. Rdg1 hxg4 22. fxg4 Kf8 23. h5 gxh5 24. gxh5 Nf5 25. h6 Ke7 26. h7 Rh8 27. Qg8 Qf8 28. Bxf5 Bxf5 29. Rg7+ Kd8 30. b3 b4 31. Ng3 Bxh7 32. Qxf8+ Rfxf8 33. Rgxh7 Rxh7 34. Rxh7 Rf4 35. Nh5 Rf1+ 36. Kb2 e4 37. Ng3 Rf4 38. Rh1 Rg4 39. Nf5 Rf4 40. Nd4 Rg4 41. Nc6+ Kc8 42. Nxa5 Rg5 43. Nc6 e3 44. Nxb4 Rg3 45. Re1 Kb7 46. Nd3 c6 47. dxc6+ Kxc6 48. a4 Kd5 49. a5 Kd4 50. Nc1 0-1